000 01333cab a2200241 4500
001 ABS58013
008 090401t1997 xxu||||| |||| 00| 0 eng d
035 _a(Sirsi) u82583
041 _aeng
245 _aStrachan and Henshaw Ltd v Stein Industrie (UK) Ltd
260 _c1997
350 _a0
490 _aConstruction Law Journal
_v[1997] 13 Const.L.J. 418-438(21)
520 _aQBD 20 November 1996. Plaintiff sub-contractor H claimed monies for `walking time` of operatives between the site works and cabins situated half a mile away. H claimed that it had contracted with I on the basis that such cabins would be close to the working area. In an interim award limited to liability the arbitrator dismissed H`s claim. H applied for award to be set aside or remitted on grounds that the arbitrator had misconducted himself or the proceedings in making findings on matters not pleaded or put in issue by either party and based on findings of fact where there was no evidence. "Held" Parts of the award either to be set aside or remitted.
650 _aARBITRATION ACT 1950
650 _aARBITRATORS' MISCONDUCT
650 _aBREACH OF CONTRACT
650 _aMISREPRESENTATION
650 _aSTRACHAN AND HENSHAW LTD V STEIN INDUSTRIE (UK) LTD
690 _aARBITRATION-CASE LAW
942 _n0
948 _c10/12/1997
999 _c52155
_d52155